| 000 | 01005nam0a2200301 4500 | ||
|---|---|---|---|
| 001 | RU\NLR\bibl\1085875 | ||
| 005 | 20250615051334.0 | ||
| 010 |
_a5-17-026356-2 _bАСТ |
||
| 010 |
_a5-9713-1954-X _bАСТ Москва |
||
| 010 |
_a5-9762-2146-7 _bХранитель _97000 |
||
| 021 |
_aRU _b2007-22923 _91212 |
||
| 035 | _a(NLR Aleph) 001073037 | ||
| 090 |
_a1010910 _c1010910 |
||
| 100 | _a20070515d2007 |||y0rusy50 ca | ||
| 101 | 1 |
_arus _ceng |
|
| 102 | _aRU | ||
| 105 | _ay ||||||||| | ||
| 200 | 1 |
_aКолыбельная _eроман _fЧак Паланик _g[пер. с англ. Т.Ю. Покидаевой] |
|
| 210 |
_aМосква _cАСТ [и др.] _d2007 (печ. 2006) |
||
| 215 |
_a285, [1] с. _d21 |
||
| 225 | 1 | _aАльтернатива | |
| 700 | 1 |
_4070 _7ca _8rus _aПаланик _bЧ. _f1962- _gЧак _9217774 _3RU\NLR\AUTH\770217830 |
|
| 801 | 0 |
_aRU _bNLR _c20070515 _gRCR |
|
| 801 | 1 |
_aRU _bNLR _c20070515 |
|
| 942 | _cBOOK | ||
| 980 | _aNB | ||